00828nam a22002297a 4500003000500000005001700005008004100022010001000063011001000073035001100083040000900094100004300103245017200146260004100318300004400359502008300403650001300486650002700499650002900526650002100555650002200576CHAP20220329143533.0100420s2009 mx r 00010 spa d a98189 a99161 a109846 cCHAP1 aChavarría Sánchez, Manuel Román.10aQuema prescrita en bosque de Pinus hartwegii y su impacto en el potencial forrajero como aporte al manejo integral del fuegoc/por Manuel Román Chavarría Sánchez aChapingo, Méx. :bEl autor,c2009. aviii, 91 h. :bilus., cuadros, gráfs. aTesis (M.C. en Ciencias Forestales) -- UACH. División de Ciencias Forestales14aBosques.14aForrajesxRendimiento.14aGanado vacunoxPastoreo.14aPinus hartwegii.14aQuema controlada.